LEADER 01047nam a2200265 i 4500 001 000000233039 003 CaOOAMICUS 005 20140912000000.0 008 140912s2003 it u000 u ita u 013 $a211942 020 $a88-215-4968-2 040 $aSeMil$bita 100 1 $aLucentini, Umberto,$d<1962- >.$0(OLS)http://semarc/name/79980 245 10$aPaolo Borsellino /$cUmberto Lucentini. 260 $aCinisello Balsamo :$bSan Paolo,$c2003. 300 $a343 p. ;$c22 cm. 490 0 $aAttualitą e storia ;$v39 600 14$aBorsellino, Paolo <1940-1992>.$0(OLS)http://semarc/subject/41562 830 0$aAttualitą e storia ;$v39.$0(OLS)http://semarc/title/5888 850 $aSeMil 852 $aSeMil$W1$xVenegono$y1$m3U VI 281$j183385$B183385$CSeMilBibl$Z2$F194813 $81 961 $aLascito: Serenthą don Mario 996 $6020$a88-215-4968-2$9(OLS)http://semarc/number/236862 996 $6245$aPaolo Borsellino$9(OLS)http://semarc/title/332553 996 $6260$aCinisello Balsamo :$bSan Paolo$9(OLS)http://semarc/publisher/30129 LEADER 01154nam a2200277 i 4500 001 000000118170 003 CaOOAMICUS 005 20030923000000.0 008 030923s1988 pl u000 u eng u 013 $a90863 020 $a83-7021-066-X 040 $aSeMil$bita 100 1 $aDobraczy?ski, Jan,$d<1910-1994>.$0(OLS)http://semarc/name/15639 245 10$aMeetings with the Madonna /$cJan Dobraczynski ; translated from the Polish by Piotr Goc. 260 $aWarsaw :$bPolonia Publichers,$c1988. 300 $a287, [16] p. di tav. :$bill. ;$cp.24 cm. 500 $aFondo Card. C.M. Martini. 650 4$aCz?stochowa - Santuario di Jasna Góra.$0(OLS)http://semarc/subject/46455 700 1 $aGoc, Piotr.$0(OLS)http://semarc/name/49314 850 $aSeMil 852 $aSeMil$W1$xVenegono$y1$m2L IV 86$j73491$B73491$CSeMilBibl$Z2$F87119 $81 941 1 $a4 961 $aOmaggio: Martini Card. Carlo Maria 996 $6020$a83-7021-066-X$9(OLS)http://semarc/number/102720 996 $6245$aMeetings with the Madonna$9(OLS)http://semarc/title/173576 996 $6260$aWarsaw :$bPolonia Publichers$9(OLS)http://semarc/publisher/45774